Planning and analysis of construction operations / (Record no. 542068)

000 -LEADER
fixed length control field 01057pam a2200241 a 4500
020 ## - INTERNATIONAL STANDARD BOOK NUMBER
International Standard Book Number 047155510X :
082 00 - DEWEY DECIMAL CLASSIFICATION NUMBER
Classification number 624.068
Author Mark HAL
-- L-40,P-39
100 1# - MAIN ENTRY--PERSONAL NAME
Personal name Halpin, Daniel W.
9 (RLIN) 18412
245 10 - TITLE STATEMENT
Title Planning and analysis of construction operations /
Statement of responsibility, etc. by Daniel W. Halpin and Leland S. Riggs.
260 ## - PUBLICATION, DISTRIBUTION, ETC.
Place of publication, distribution, etc. New York :
Name of publisher, distributor, etc. Wiley,
Date of publication, distribution, etc. c1992.
300 ## - PHYSICAL DESCRIPTION
Extent x, 381 p. :
Other physical details ill. ;
Dimensions 24 cm.
500 ## - GENERAL NOTE
General note "A Wiley Interscience publication."
500 ## - GENERAL NOTE
General note "Based on and is an extension of the original text entitled Design of construction and process operations by Daniel W. Halpin and Ronald W. Woodhead published in 1976"--Pref.
526 ## - STUDY PROGRAM INFORMATION NOTE
Program name 0
Interest level 0
Reading level 0
Title point value 624_068000000000000_HAL
650 #0 - SUBJECT ADDED ENTRY--TOPICAL TERM
Topical term or geographic name entry element Contractors' operations
General subdivision Computer simulation.
9 (RLIN) 37161
650 #0 - SUBJECT ADDED ENTRY--TOPICAL TERM
Topical term or geographic name entry element Contractors' operations
General subdivision Management.
9 (RLIN) 1119
650 #0 - SUBJECT ADDED ENTRY--TOPICAL TERM
Topical term or geographic name entry element MCE
9 (RLIN) 379
700 1# - ADDED ENTRY--PERSONAL NAME
Personal name Halpin, Daniel W.
9 (RLIN) 18412
700 1# - ADDED ENTRY--PERSONAL NAME
Personal name Riggs, Leland S.
9 (RLIN) 37162
856 4# - ELECTRONIC LOCATION AND ACCESS
Uniform Resource Identifier <a href="http://www.loc.gov/catdir/toc/onix04/91032231.html">http://www.loc.gov/catdir/toc/onix04/91032231.html</a>
856 42 - ELECTRONIC LOCATION AND ACCESS
Uniform Resource Identifier <a href="http://www.loc.gov/catdir/description/wiley033/91032231.html">http://www.loc.gov/catdir/description/wiley033/91032231.html</a>
942 ## - ADDED ENTRY ELEMENTS (KOHA)
Source of classification or shelving scheme
Koha item type Book
Holdings
Withdrawn status Lost status Source of classification or shelving scheme Damaged status Not for loan Permanent Location Current Location Date acquired Total Checkouts Full call number Barcode Date last seen Price effective from Koha item type
          Military College of Engineering (MCE) Military College of Engineering (MCE) 09/19/2013   624.068 HAL MCE-34781 09/19/2013 09/19/2013 Book
© 2023 Central Library, National University of Sciences and Technology. All Rights Reserved.